Statistics for capitals of the US states

Click here to take the quiz!

General Stats

  • This quiz has been taken 12 times
  • The average score is 14 of 17

Answer Stats

HintAnswer% Correct
TexasAustin
91%
MassachusettsBoston
91%
ColoradoDenver
91%
ArizonaPhoenix
91%
CaliforniaSacramento
91%
UtahSalt lake city
91%
GeorgiaAtlanta
82%
IdahoBoise
82%
NebraskaLincoln
82%
VirginiaRichmond
82%
IlliniosSpringfield
82%
KansasTopeka
82%
WyomingCheyenne
73%
OhioColumbus
73%
KentuckyFrankfort
73%
WashingtonOlympia
73%
FloridaTallahassee
27%

Score Distribution

Percentile by Number Answered

Percent of People with Each Score

Your Score History

You have not taken this quiz